Statistics for Spooky Scary Skeletons Lyrics

Click here to take the quiz!

General Stats

  • This quiz has been taken 45 times
  • The average score is 63 of 134

Answer Stats

Lyric% Correct
Scary
100%
Your
100%
You
100%
Spooky
97%
Skeletons
97%
Down
94%
Spine
90%
A
84%
Shivers
81%
So
77%
Send
77%
The
74%
And
71%
I
71%
To
68%
Soul
58%
Shock
58%
Will
58%
Think
45%
When
45%
Bones
45%
Skulls
45%
Tonight
45%
Shriek
42%
Don't
42%
They
42%
Should
42%
In
42%
Be
42%
We
39%
Doom
39%
Seal
39%
But
39%
You're
39%
Hear
35%
Shrieking
35%
Won't
32%
Misunderstood
32%
Only
32%
Want
29%
Sorry
29%
We're
29%
Zombies
29%
Socialize
26%
These
26%
Their
26%
Are
26%
Shake
26%
Just
26%
They'll
26%
Of
23%
All
23%
Leave
23%
It's
23%
'Cause
23%
With
23%
You'll
23%
Surprise
19%
Let
19%
Shudder
19%
From
19%
BOO!
19%
Speak
16%
Such
16%
By
16%
Screech
16%
Smile
16%
Shrilly
13%
Screams
13%
Fuss
13%
Shy
13%
Sarcophagus
13%
Break
13%
May
13%
Sneak
13%
Stones
13%
Sticks
13%
Insane!
13%
Seldom
10%
Snooze
10%
Drive
10%
Shout
10%
Same
10%
Serious!
10%
Semi
10%
Seem
10%
Bags
10%
Startling
10%
Supernatural
10%
Slowly
6%
Scrabble
6%
Spirits
6%
Unsafe
6%
What's
6%
Wake
6%
Silly
6%

Score Distribution

Percentile by Number Answered

Percent of People with Each Score

Your Score History

You have not taken this quiz